| 000 | 02538nam a22003257a 4500 | ||
|---|---|---|---|
| 003 | NALT | ||
| 005 | 20240724233217.0 | ||
| 008 | s2546 th tha d | ||
| 040 | _aNALT | ||
| 041 | _atha | ||
| 050 |
_aQA76.9.S88 _bท179ก 2546 |
||
| 100 | 0 | _aยรรยง เต็งอำนวย | |
| 110 | 0 | _aจุฬาลงกรณ์มหาวิทยาลัย. คณะวิศวกรรมศาสตร์. ภาควิชาวิศวกรรมคอมพิวเตอร์ | |
| 245 | 1 | 0 | _aการออกแบบและพัฒนาโปรแกรมประยุกต์แบบกระจายโดยใช้เทคโนโลยีเชิงวัตถุ = Object-Oriented design and development for distributed application |
| 260 | 3 |
_aกรุงเทพฯ : _bภาควิชาวิศวกรรมคอมพิวเตอร์ คณะวิศวกรรมศาสตร์ จุฬาลงกรณ์มหาวิทยาลัย, _c2546 |
|
| 300 |
_a1 เล่ม : _bภาพประกอบ, ตาราง ; _c29 ซม. |
||
| 610 | _aตลาดหลักทรัพย์แห่งประเทศไทย | ||
| 610 | _aจุฬาลงกรณ์มหาวิทยาลัย. คณะวิศวกรรมศาสตร์. ภาควิชาวิศวกรรมคอมพิวเตอร์ | ||
| 650 | 0 | 4 | _aตลาดหลักทรัพย์แห่งประเทศไทย -- ระบบสารสนเทศ |
| 650 | 0 | 4 | _aการออกแบบระบบงานแบบกระจาย -- วิจัย |
| 650 | 0 | 4 | _aSoftware engineering -- Research |
| 650 | 0 | 4 | _aวิศวกรรมซอฟต์แวร์ -- วิจัย |
| 650 | 0 | 4 | _aการออกแบบระบบ |
| 650 | 0 | 4 | _aการออกแบบระบบวิศวกรรมซอฟต์แวร์ -- วิจัยSoftware engineering -- Researchการออกแบบระบบงานแบบกระจาย -- วิจัยตลาดหลักทรัพย์แห่งประเทศไทย -- ระบบสารสนเทศ |
| 700 | 0 | _aยรรยง เต็งอำนวย | |
| 710 | 1 | _aตลาดหลักทรัพย์แห่งประเทศไทย | |
| 850 | _aNALT | ||
| 942 |
_cRSH _2lcc |
||
| 999 |
_c43583 _d43583 |
||
| 998 |
_j109 _k อารีรัตน์ วิชาช่าง |
||